Services in Europe data 1995

Salvato in:
Dettagli Bibliografici
Natura: Libro
Lingua:inglese
Pubblicazione: Luxembourg Office for Official Publications of the European Communities 1999
Serie:Edition 1998
Soggetti:
Tags: Aggiungi Tag
Nessun Tag, puoi essere il primo ad aggiungerne!!

MARC

LEADER 00000nam a2200000 4500
001 c123762
005 20221129095730.1
020 |a 92-828-5624-0 
041 0 |a eng 
044 |a LU 
245 1 0 |a Services in Europe  |b data 1995 
264 1 |a Luxembourg  |b Office for Official Publications of the European Communities  |c 1999 
300 |a 194 s. 
490 1 |a Edition 1998 
830 0 |a Edition 1998 
610 2 0 |a štatistika 
610 2 0 |a služby 
610 2 0 |a Európa 
610 2 0 |a Európska únia 
610 2 0 |a Európske spoločenstvá 
610 2 0 |a 1995